000 01234nam a22002537a 4500
005 20170124103153.0
010 _aB-158005
020 _c600.00
_a8174531017
035 _aB-158005
037 _bCen Lib/Ret
040 _aDPL
_bHN
082 _a821.08
_bअशोक
100 _aअशोक कुमार
_988642
245 _aब्रजभाषा-लोककवि : तुलाराम :
_cअशोक कुमार
_bजीवनी और साहित्य /
246 _aBrajbhasha-lokkavi : Tularam : jeevani aur sahitye /
_bby Ashok Kumar
260 _aनई दिल्ली
_bसंजय प्रकाशन
_c2004
270 _b4378/4 बी, 209, जे.एम.डी.हाउस, अंसारी रोड, दरियागंज
_aनई दिल्ली
_e110002
300 _a336पृ.
_c21सेमी(सजिल्द)
650 _aहिन्दी -- तुलाराम -- काव्य
_988643
650 _aहिन्दी -- तुलाराम -- जीवन परिचय
_984330
650 _aHindi - Tula Ram - Poetry
_988644
650 _aHindi - Tula Ram - biography
_988645
942 _2ddc
_cHN
_h821.08
_mअशोक
999 _c120122
_d120122